Tik Tok Rappers - Statistics

General Stats
  • This quiz has been taken 18 times
    14 since last reset
  • The average score is 2 of 6
Answer Stats
Hint Answer % Correct
Jumped Outta Bed what im boutta eat Jpro
67%
hit the studio just to take a dook lil drop top
67%
shawty real fine and she go to college cl4ppers
33%
we breaking these n popin like kitkat dasgasdom3
33%
thats a opp bang bang headshot bodyshot i got to go cant be in shot kashdami
33%
green tip 556 and a blick to oh he lack blick him blick him blick you layze
11%
No matching quizzes found
Score Distribution
Percent of People with Each Score
Percentile by Number Answered
Your Score History
You have not taken this quiz since the last reset